Pokémon commençant par B - Statistiques

Statistiques générales
  • Ce quiz a été pris 5 416 fois
    3 018 depuis la dernière actualisation
  • Le résultat moyen est 20 sur 53
Statistiques - réponses
Réponse % Correct
001 Bulbizarre
90%
340 Barbicha
55%
285 Balignon
54%
257 Braségali
54%
343 Balbuto
53%
339 Barloche
52%
070 Boustiflor
52%
550 Bargantua
48%
349 Barpau
47%
560 Baggaïd
46%
559 Baggiguane
46%
458 Babimanta
44%
536 Batracné
44%
701 Brutalibré
44%
279 Bekipan
43%
652 Blindépique
41%
641 Boréas
41%
722 Brindibou
41%
856 Bibichut
40%
460 Blizzaroi
40%
651 Boguérisse
40%
411 Bastiodon
39%
459 Blizzi
39%
388 Boskara
39%
776 Boumata
39%
797 Bamboiselle
38%
425 Baudrive
38%
811 Badabouin
36%
465 Bouldeneu
36%
545 Brutapode
36%
769 Bacabouh
34%
354 Branette
33%
708 Brocélôme
33%
873 Beldeneige
32%
711 Banshitrouye
31%
715 Bruyverne
31%
534 Bétochef
30%
662 Braisillon
30%
295 Brouhabam
30%
268 Blindalys
29%
1002 Baojian
28%
782 Bébécaille
28%
742 Bombydou
28%
875 Bekaglaçon
26%
975 Balbalèze
25%
954 Bérasca
25%
750 Bourrinos
24%
896 Blizzeval
22%
927 Briochien
20%
733 Bazoucan
17%
822 Bleuseille
16%
830 Blancoton
15%
863 Berserkatt
14%
Aucun quiz correspondant
Distribution des résultats
% des personnes avec chaque résultat
Percentile par nombre de réponses
Votre historique - résultats
Vous n’avez pas pris ce quiz depuis la dernière actualisation